Les 2 meilleurs milieux offensifs de ces grands clubs dans l'histoir - Statistiques

Statistiques générales
  • Ce quiz a été pris 59 fois
  • Le résultat moyen est 16 sur 30
Statistiques - réponses
Clubs Nationalités Joueurs % Correct
Réal Madrid France Zinédine Zidane
98%
Juventus Turin France Zinédine Zidane
98%
FC Barcelone Pays-Bas Johan Cruyff
81%
Manchester City Belgique Kévin de Bruyne
77%
Bayern Munich Allemagne Thomas Muller
77%
Olympique Lyonnais Brésil Juninho
75%
AC Milan Pays-Bas Ruud Gullit
75%
Manchester City Espagne David Silva
73%
Arsenal Allemagne Mesut Özil
69%
FC Barcelone Danemark Michael Laudrup
69%
Juventus Turin France Michel Platini
69%
AC Milan Brésil Ricardo Kaka
69%
Arsenal Pays-Bas Denis Bergkamp
63%
Paris Saint-Germain Brésil Rai
62%
Manchester United Angleterre Wayne Rooney
62%
Liverpool Brésil Philipp Coutinho
60%
Inter Milan Pays-Bas Wesley Sneijder
56%
Chelsea Italie Gianfranco Zola
44%
Réal Madrid Espagne Raul
44%
Olympique Lyonnais France Nabil Fekir
42%
Olympique de Marseille Angleterre Chris Waddle
38%
Olympique de Marseille France Dimitry Payet
38%
Manchester United Angleterre Bobby Charlton
37%
Chelsea Espagne Juan Mata
33%
Paris Saint-Germain Yougoslavie Safet Susic
29%
Liverpool Espagne Luis Garcia
13%
Inter Milan Italie Sandro Mazzola
8%
Borussia Dortmund Allemagne Lars Ricken
6%
Bayern Munich Allemagne Stefan Effenberg
4%
Borussia Dortmund Allemagne Nuri Sahin
0%
Aucun quiz correspondant
Distribution des résultats
% des personnes avec chaque résultat
Percentile par nombre de réponses
Votre historique - résultats
Vous n’avez pas pris ce quiz